| 000 | 00553nam a2200217Ia 4500 | ||
|---|---|---|---|
| 003 | OSt | ||
| 005 | 20140314105249.0 | ||
| 008 | 140130s9999 xx 000 0 und d | ||
| 020 | _a9780531187388 | ||
| 050 |
_aRC 116.S8 _b.T55 2008 |
||
| 100 | _aLewis Tilden, Thomasine | ||
| 245 |
_aHelp! What's eating my flesh? / _cThomasine Lewis Tilden. |
||
| 260 |
_bScholastic, _c2008. _aNew York : |
||
| 300 |
_a64 p. : _bcol. ill. ; _c24 cm. |
||
| 440 | _v1 | ||
| 521 | _aG4 | ||
| 526 | _c680 | ||
| 942 |
_cBK _2lcc |
||
| 999 |
_c40957 _d40957 |
||